French through pictures. Book 1. And a first workbook of French (Record no. 25047)

MARC details
000 -LEADER
fixed length control field 00301nam a2200109Ia 4500
082 ## - DEWEY DECIMAL CLASSIFICATION NUMBER
Classification number 804
Item number RIC
100 ## - MAIN ENTRY--AUTHOR NAME
Personal name Richards, I A
245 #0 - TITLE STATEMENT
Title French through pictures. Book 1. And a first workbook of French
260 ## - PUBLICATION, DISTRIBUTION, ETC. (IMPRINT)
Place of publication New Delhi
Name of publisher Vikas
Year of publication 1976
942 ## - ADDED ENTRY ELEMENTS (KOHA)
Koha item type Books
Holdings
Withdrawn status Lost status Damaged status Not for loan Home library Current library Date acquired Cost, normal purchase price Full call number Accession Number Koha item type
        RRII Library RRII Library 16/12/2021 8.50 804 RIC 05710 Books